<?xml version="1.0" encoding="UTF-8"?>
<record
    xmlns:xsi="http://www.w3.org/2001/XMLSchema-instance"
    xsi:schemaLocation="http://www.loc.gov/MARC21/slim http://www.loc.gov/standards/marcxml/schema/MARC21slim.xsd"
    xmlns="http://www.loc.gov/MARC21/slim">

  <leader>01505nam0a22002651  4500</leader>
  <controlfield tag="001">rc\548404</controlfield>
  <controlfield tag="005">20250621125625.0</controlfield>
  <datafield tag="035" ind1=" " ind2=" ">
    <subfield code="a">(NLR Aleph) 005784639</subfield>
  </datafield>
  <datafield tag="090" ind1=" " ind2=" ">
    <subfield code="a">5140747</subfield>
    <subfield code="c">5140747</subfield>
  </datafield>
  <datafield tag="100" ind1=" " ind2=" ">
    <subfield code="a">20030616d1987    |||y0rusy50      ca</subfield>
  </datafield>
  <datafield tag="101" ind1="0" ind2=" ">
    <subfield code="a">rus</subfield>
  </datafield>
  <datafield tag="102" ind1=" " ind2=" ">
    <subfield code="a">RU</subfield>
  </datafield>
  <datafield tag="105" ind1=" " ind2=" ">
    <subfield code="a">a   |||||||||</subfield>
  </datafield>
  <datafield tag="200" ind1="1" ind2=" ">
    <subfield code="a">&#x427;&#x435;&#x43A;&#x438;&#x441;&#x442;&#x44B;</subfield>
    <subfield code="e">&#x421;&#x431;&#x43E;&#x440;&#x43D;&#x438;&#x43A;</subfield>
    <subfield code="f">[&#x421;&#x43E;&#x441;&#x442;. &#x410;.&#x41D;. &#x41D;&#x438;&#x43A;&#x43E;&#x43B;&#x430;&#x435;&#x432;]</subfield>
  </datafield>
  <datafield tag="210" ind1=" " ind2=" ">
    <subfield code="a">&#x41C;.</subfield>
    <subfield code="c">&#x41C;&#x43E;&#x43B;. &#x433;&#x432;&#x430;&#x440;&#x434;&#x438;&#x44F;</subfield>
    <subfield code="d">1987</subfield>
  </datafield>
  <datafield tag="215" ind1=" " ind2=" ">
    <subfield code="a">413, [2], [24] &#x43B;. &#x438;&#x43B;.</subfield>
    <subfield code="d">22</subfield>
  </datafield>
  <datafield tag="225" ind1="1" ind2=" ">
    <subfield code="a">&#x416;&#x438;&#x437;&#x43D;&#x44C; &#x437;&#x430;&#x43C;&#x435;&#x447;&#x430;&#x442;&#x435;&#x43B;&#x44C;&#x43D;&#x44B;&#x445; &#x43B;&#x44E;&#x434;&#x435;&#x439;</subfield>
    <subfield code="e">&#x421;&#x435;&#x440;. &#x431;&#x438;&#x43E;&#x433;&#x440;.</subfield>
    <subfield code="e">&#x41E;&#x441;&#x43D;. &#x432; 1933 &#x433;. &#x41C;. &#x413;&#x43E;&#x440;&#x44C;&#x43A;&#x438;&#x43C;</subfield>
    <subfield code="v">&#x412;&#x44B;&#x43F;. 15 (682)</subfield>
  </datafield>
  <datafield tag="327" ind1="1" ind2=" ">
    <subfield code="a">&#x421;&#x43E;&#x434;&#x435;&#x440;&#x436;.: &#x41E; &#x418;.&#x41A;. &#x41A;&#x441;&#x435;&#x43D;&#x43E;&#x444;&#x43E;&#x43D;&#x442;&#x43E;&#x432;&#x435;, &#x42F;.&#x425;. &#x41F;&#x435;&#x442;&#x435;&#x440;&#x441;&#x435;, &#x41C;.&#x421;. &#x41A;&#x435;&#x434;&#x440;&#x43E;&#x432;&#x435;, &#x41C;.&#x410;. &#x422;&#x440;&#x438;&#x43B;&#x438;&#x441;&#x441;&#x435;&#x440;&#x435;, &#x415;.&#x413;. &#x415;&#x432;&#x434;&#x43E;&#x43A;&#x438;&#x43C;&#x43E;&#x432;&#x435;, &#x413;.&#x421;. &#x421;&#x44B;&#x440;&#x43E;&#x435;&#x436;&#x43A;&#x438;&#x43D;&#x435;, &#x41D;.&#x410;. &#x41F;&#x440;&#x43E;&#x43A;&#x43E;&#x43F;&#x44E;&#x43A;&#x435;, &#x421;.&#x410;. &#x412;&#x430;&#x443;&#x43F;&#x448;&#x430;&#x441;&#x43E;&#x432;&#x435;</subfield>
  </datafield>
  <datafield tag="464" ind1=" " ind2="0">
    <subfield code="1">2001#$a&#x41E; &#x418;.&#x41A;. &#x41A;&#x441;&#x435;&#x43D;&#x43E;&#x444;&#x43E;&#x43D;&#x442;&#x43E;&#x432;&#x435;, &#x42F;.&#x425;. &#x41F;&#x435;&#x442;&#x435;&#x440;&#x441;&#x435;, &#x41C;.&#x421;. &#x41A;&#x435;&#x434;&#x440;&#x43E;&#x432;&#x435;, &#x41C;.&#x410;. &#x422;&#x440;&#x438;&#x43B;&#x438;&#x441;&#x441;&#x435;&#x440;&#x435;, &#x415;.&#x413;. &#x415;&#x432;&#x434;&#x43E;&#x43A;&#x438;&#x43C;&#x43E;&#x432;&#x435;, &#x413;.&#x421;. &#x421;&#x44B;&#x440;&#x43E;&#x435;&#x436;&#x43A;&#x438;&#x43D;&#x435;, &#x41D;.&#x410;. &#x41F;&#x440;&#x43E;&#x43A;&#x43E;&#x43F;&#x44E;&#x43A;&#x435;, &#x421;.&#x410;. &#x412;&#x430;&#x443;&#x43F;&#x448;&#x430;&#x441;&#x43E;&#x432;&#x435;</subfield>
    <subfield code="t">&#x41E; &#x418;.&#x41A;. &#x41A;&#x441;&#x435;&#x43D;&#x43E;&#x444;&#x43E;&#x43D;&#x442;&#x43E;&#x432;&#x435;, &#x42F;.&#x425;. &#x41F;&#x435;&#x442;&#x435;&#x440;&#x441;&#x435;, &#x41C;.&#x421;. &#x41A;&#x435;&#x434;&#x440;&#x43E;&#x432;&#x435;, &#x41C;.&#x410;. &#x422;&#x440;&#x438;&#x43B;&#x438;&#x441;&#x441;&#x435;&#x440;&#x435;, &#x415;.&#x413;. &#x415;&#x432;&#x434;&#x43E;&#x43A;&#x438;&#x43C;&#x43E;&#x432;&#x435;, &#x413;.&#x421;. &#x421;&#x44B;&#x440;&#x43E;&#x435;&#x436;&#x43A;&#x438;&#x43D;&#x435;, &#x41D;.&#x410;. &#x41F;&#x440;&#x43E;&#x43A;&#x43E;&#x43F;&#x44E;&#x43A;&#x435;, &#x421;.&#x410;. &#x412;&#x430;&#x443;&#x43F;&#x448;&#x430;&#x441;&#x43E;&#x432;&#x435;</subfield>
  </datafield>
  <datafield tag="702" ind1=" " ind2="1">
    <subfield code="a">&#x41D;&#x438;&#x43A;&#x43E;&#x43B;&#x430;&#x435;&#x432;</subfield>
    <subfield code="b">&#x410;.&#x41D;.</subfield>
    <subfield code="4">220</subfield>
  </datafield>
  <datafield tag="801" ind1=" " ind2="0">
    <subfield code="a">RU</subfield>
    <subfield code="b">NLR</subfield>
    <subfield code="g">psbo</subfield>
  </datafield>
  <datafield tag="801" ind1=" " ind2="1">
    <subfield code="a">RU</subfield>
    <subfield code="b">ELAR</subfield>
    <subfield code="2">rusmarc</subfield>
  </datafield>
  <datafield tag="852" ind1=" " ind2=" ">
    <subfield code="a">NLR</subfield>
    <subfield code="j">87-3/13760</subfield>
  </datafield>
  <datafield tag="942" ind1=" " ind2=" ">
    <subfield code="c">BOOK</subfield>
  </datafield>
  <datafield tag="980" ind1=" " ind2=" ">
    <subfield code="a">NB</subfield>
  </datafield>
  <datafield tag="995" ind1=" " ind2=" ">
    <subfield code="5">2013-10-26</subfield>
    <subfield code="b">NLR01</subfield>
    <subfield code="c">NLR01</subfield>
    <subfield code="e">RF9</subfield>
    <subfield code="f">5784639-10</subfield>
    <subfield code="k">87-3/13760</subfield>
    <subfield code="o">0</subfield>
    <subfield code="r">BOOK</subfield>
    <subfield code="s">87313760_</subfield>
  </datafield>
</record>
